<?xml version="1.0" encoding="UTF-8"?>
<record
    xmlns:xsi="http://www.w3.org/2001/XMLSchema-instance"
    xsi:schemaLocation="http://www.loc.gov/MARC21/slim http://www.loc.gov/standards/marcxml/schema/MARC21slim.xsd"
    xmlns="http://www.loc.gov/MARC21/slim">

  <leader>02582nam a22003017a 4500</leader>
  <controlfield tag="001">8906</controlfield>
  <controlfield tag="003">FISKH</controlfield>
  <controlfield tag="005">20251030162718.0</controlfield>
  <controlfield tag="008">251030b        cb ||||| |||| 00| 0 eng d</controlfield>
  <datafield tag="020" ind1=" " ind2=" ">
    <subfield code="a">9789996389238</subfield>
  </datafield>
  <datafield tag="040" ind1=" " ind2=" ">
    <subfield code="a">FISKH</subfield>
    <subfield code="b">khr</subfield>
    <subfield code="c">FISKH</subfield>
    <subfield code="d">FISKH</subfield>
  </datafield>
  <datafield tag="050" ind1=" " ind2=" ">
    <subfield code="a">PZ7</subfield>
  </datafield>
  <datafield tag="082" ind1=" " ind2=" ">
    <subfield code="a">398.2</subfield>
  </datafield>
  <datafield tag="100" ind1=" " ind2=" ">
    <subfield code="a">Anonymous</subfield>
  </datafield>
  <datafield tag="245" ind1=" " ind2=" ">
    <subfield code="a">&#x1788;&#x17D2;&#x1798;&#x17BD;&#x1789;&#x17A2;&#x17C6;&#x1794;&#x17B7;&#x179B;&#x1793;&#x17B7;&#x1784;&#x179B;&#x17B6; :</subfield>
    <subfield code="b">The salt trade and the donkey / </subfield>
    <subfield code="c">By Anonymous</subfield>
  </datafield>
  <datafield tag="260" ind1=" " ind2=" ">
    <subfield code="a">Phnom Penh : </subfield>
    <subfield code="b">&#x1780;&#x17D2;&#x179A;&#x17BB;&#x1798;&#x17A0;&#x17CA;&#x17BB;&#x1793; &#x17A2;&#x1795;&#x17D2;&#x179F;&#x17BB;&#x1780; , </subfield>
    <subfield code="c">2015.</subfield>
  </datafield>
  <datafield tag="300" ind1=" " ind2=" ">
    <subfield code="a">12 pages : </subfield>
    <subfield code="b">color illustrations ; </subfield>
    <subfield code="c">21 cm . </subfield>
  </datafield>
  <datafield tag="490" ind1=" " ind2=" ">
    <subfield code="a">&#x1793;&#x17B7;&#x1791;&#x17B6;&#x1793;&#x17A2;&#x1794;&#x17CB;&#x179A;&#x17C6;&#x179F;&#x1798;&#x17D2;&#x179A;&#x17B6;&#x1794;&#x17CB;&#x1780;&#x17BB;&#x1798;&#x17B6;&#x179A;</subfield>
  </datafield>
  <datafield tag="505" ind1=" " ind2=" ">
    <subfield code="a">J 
</subfield>
  </datafield>
  <datafield tag="520" ind1=" " ind2=" ">
    <subfield code="a">&#x1798;&#x17B6;&#x1793;&#x1788;&#x17D2;&#x1798;&#x17BD;&#x1789;&#x1798;&#x17D2;&#x1793;&#x17B6;&#x1780;&#x17CB;&#x178F;&#x17C2;&#x1784;&#x178F;&#x17C2;&#x178A;&#x17B6;&#x1780;&#x17CB;&#x17A2;&#x17C6;&#x1794;&#x17B7;&#x179B;&#x1793;&#x17C5;&#x179B;&#x17BE;&#x1781;&#x17D2;&#x1793;&#x1784;&#x179B;&#x17B6;&#x17A0;&#x17BE;&#x1799;&#x1799;&#x1780;&#x1791;&#x17C5;&#x179B;&#x1780;&#x17CB;&#x1793;&#x17C5;&#x1780;&#x17D2;&#x179A;&#x17BB;&#x1784; &#x17D4;&#x200B; &#x1790;&#x17D2;&#x1784;&#x17C3;&#x1798;&#x17BD;&#x1799;&#x179B;&#x17B6;&#x1794;&#x17B6;&#x1793;&#x178A;&#x17BE;&#x179A;&#x1786;&#x17D2;&#x179B;&#x1784;&#x17A2;&#x17BC;&#x179A;&#x1780;&#x17CF;&#x1787;&#x17C6;&#x1796;&#x1794;&#x17CB;&#x1787;&#x17BE;&#x1784;&#x1792;&#x17D2;&#x179C;&#x17BE;&#x17A2;&#x17C4;&#x1799;&#x17A2;&#x17C6;&#x1794;&#x17B7;&#x179B;&#x179A;&#x179B;&#x17B6;&#x1799;&#x1787;&#x17B7;&#x178F;&#x17A2;&#x179F;&#x17CB; &#x17D5;&#x200B; &#x1796;&#x17C1;&#x179B;&#x1780;&#x17D2;&#x179A;&#x17C4;&#x1780;&#x17A1;&#x17BE;&#x1784;&#x179C;&#x17B6;&#x1785;&#x1798;&#x17D2;&#x179B;&#x17C2;&#x1780;&#x1785;&#x17B7;&#x178F;&#x17D2;&#x178F;&#x17A0;&#x17C1;&#x178F;&#x17BB;&#x17A2;&#x17B8;&#x1780;&#x17CF;&#x179F;&#x17D2;&#x179A;&#x17B6;&#x179B;&#x1781;&#x17D2;&#x179B;&#x17BD;&#x1793; &#x17D4; &#x1780;&#x17D2;&#x179A;&#x17C4;&#x1799;&#x1798;&#x1780;&#x179B;&#x17B6;&#x178F;&#x17C2;&#x1784;&#x178F;&#x17C2;&#x1794;&#x1793;&#x17D2;&#x179B;&#x17C6;&#x1792;&#x17D2;&#x179C;&#x17BE;&#x178A;&#x17BD;&#x179B;&#x1796;&#x17C1;&#x179B;&#x1786;&#x17D2;&#x179B;&#x1784;&#x17A2;&#x17BC;&#x179A; &#x178F;&#x17C2;&#x1788;&#x17D2;&#x1798;&#x17BD;&#x1789;&#x178A;&#x17B9;&#x1784;&#x179B;&#x17D2;&#x1794;&#x17B7;&#x1785;&#x1793;&#x17C1;&#x17C7;&#x1780;&#x17CF;&#x1799;&#x1780;&#x179F;&#x17C6;&#x17A1;&#x17B8;&#x1789;&#x17C9;&#x17B6;&#x178F;&#x17CB;&#x1785;&#x17BC;&#x179B;&#x1780;&#x17B6;&#x179A;&#x17BB;&#x1784; &#x1796;&#x17C1;&#x179B;&#x1786;&#x17D2;&#x179B;&#x1784;&#x17A2;&#x17BC;&#x179B;&#x17B6;&#x1780;&#x17CF;&#x1792;&#x17D2;&#x179C;&#x17BE;&#x1796;&#x17BB;&#x178F;&#x179A;&#x17A2;&#x17B7;&#x179B;&#x178A;&#x17BC;&#x1785;&#x179B;&#x17BE;&#x1780;&#x1798;&#x17BB;&#x1793;&#x200B;&#x17D4; &#x1785;&#x17B6;&#x1794;&#x17CB;&#x1796;&#x17B8;&#x1796;&#x17C1;&#x179B;&#x1793;&#x17C4;&#x17C7;&#x1798;&#x1780; &#x179B;&#x17B6;&#x1780;&#x17CF;&#x179A;&#x17C0;&#x1784;&#x1785;&#x17B6;&#x179B;&#x179B;&#x17C2;&#x1784;&#x17A0;&#x17CA;&#x17B6;&#x1793;&#x1792;&#x17D2;&#x179C;&#x17BE;&#x178A;&#x17BC;&#x1785;&#x1793;&#x17C1;&#x17C7;&#x1791;&#x17C0;&#x178F; &#x17D4;&#x200B; </subfield>
  </datafield>
  <datafield tag="520" ind1=" " ind2=" ">
    <subfield code="a">There was once a merchant who always loaded salt onto his donkey&#x2019;s back to take and sell in the city. One day, while crossing a stream, the donkey slipped and fell into the water, causing most of the salt to dissolve. When it got up, it was surprised to find its load much lighter. After that, the donkey often pretended to fall whenever it crossed the stream. But the merchant discovered its trick and decided to fill the sacks with cotton instead. When the donkey slipped into the water again as before, the cotton absorbed the water and became very heavy. From that day on, the donkey never dared to play that trick again.</subfield>
  </datafield>
  <datafield tag="521" ind1="8" ind2=" ">
    <subfield code="a">500 
</subfield>
    <subfield code="b">Lexile estimate 
</subfield>
  </datafield>
  <datafield tag="521" ind1="8" ind2=" ">
    <subfield code="a">J 
</subfield>
    <subfield code="b">Raz-Plus 
</subfield>
  </datafield>
  <datafield tag="650" ind1=" " ind2=" ">
    <subfield code="a">&#x179B;&#x17B6;&#x1793;&#x17B7;&#x1784;&#x1788;&#x17D2;&#x1798;&#x17BD;&#x1789;&#x17A2;&#x17C6;&#x1794;&#x17B7;&#x179B;</subfield>
    <subfield code="v">&#x179A;&#x17BF;&#x1784;&#x1793;&#x17B7;&#x1791;&#x17B6;&#x1793;&#x1780;&#x17BB;&#x1798;&#x17B6;&#x179A;</subfield>
  </datafield>
  <datafield tag="650" ind1=" " ind2=" ">
    <subfield code="a">The salt trade and the donkey</subfield>
    <subfield code="v">Children's Stories </subfield>
  </datafield>
  <datafield tag="942" ind1=" " ind2=" ">
    <subfield code="2">ddc</subfield>
    <subfield code="c">KHB</subfield>
    <subfield code="n">0</subfield>
  </datafield>
  <datafield tag="999" ind1=" " ind2=" ">
    <subfield code="c">8906</subfield>
    <subfield code="d">8906</subfield>
  </datafield>
  <datafield tag="952" ind1=" " ind2=" ">
    <subfield code="0">0</subfield>
    <subfield code="1">0</subfield>
    <subfield code="2">ddc</subfield>
    <subfield code="4">0</subfield>
    <subfield code="7">0</subfield>
    <subfield code="8">Khmer-English Bilingual </subfield>
    <subfield code="a">002</subfield>
    <subfield code="b">002</subfield>
    <subfield code="c">TTP Khmer</subfield>
    <subfield code="d">2025-10-30</subfield>
    <subfield code="l">0</subfield>
    <subfield code="o">ANO PZ7 398.2</subfield>
    <subfield code="p">2025-4768</subfield>
    <subfield code="r">2025-10-30 16:25:39</subfield>
    <subfield code="t">1</subfield>
    <subfield code="w">2025-10-30</subfield>
    <subfield code="y">KHB</subfield>
  </datafield>
  <datafield tag="952" ind1=" " ind2=" ">
    <subfield code="0">0</subfield>
    <subfield code="1">0</subfield>
    <subfield code="2">ddc</subfield>
    <subfield code="4">0</subfield>
    <subfield code="7">0</subfield>
    <subfield code="8">Khmer-English Bilingual </subfield>
    <subfield code="a">002</subfield>
    <subfield code="b">002</subfield>
    <subfield code="c">TTP Khmer</subfield>
    <subfield code="d">2025-10-30</subfield>
    <subfield code="l">0</subfield>
    <subfield code="o">ANO PZ7 398.2</subfield>
    <subfield code="p">FIS04381</subfield>
    <subfield code="r">2025-10-30 16:26:51</subfield>
    <subfield code="t">2</subfield>
    <subfield code="w">2025-10-30</subfield>
    <subfield code="y">KHB</subfield>
  </datafield>
  <datafield tag="952" ind1=" " ind2=" ">
    <subfield code="0">0</subfield>
    <subfield code="1">0</subfield>
    <subfield code="2">ddc</subfield>
    <subfield code="4">0</subfield>
    <subfield code="7">0</subfield>
    <subfield code="8">Khmer-English Bilingual </subfield>
    <subfield code="a">002</subfield>
    <subfield code="b">002</subfield>
    <subfield code="c">TTP Khmer</subfield>
    <subfield code="d">2025-10-30</subfield>
    <subfield code="l">1</subfield>
    <subfield code="o">ANO PZ7 398.2</subfield>
    <subfield code="p">FIS04999</subfield>
    <subfield code="r">2026-03-11 14:31:06</subfield>
    <subfield code="s">2026-03-11</subfield>
    <subfield code="t">3</subfield>
    <subfield code="w">2025-10-30</subfield>
    <subfield code="y">KHB</subfield>
  </datafield>
  <datafield tag="952" ind1=" " ind2=" ">
    <subfield code="0">0</subfield>
    <subfield code="1">0</subfield>
    <subfield code="2">ddc</subfield>
    <subfield code="4">0</subfield>
    <subfield code="7">0</subfield>
    <subfield code="8">Khmer-English Bilingual </subfield>
    <subfield code="a">002</subfield>
    <subfield code="b">002</subfield>
    <subfield code="c">TTP Khmer</subfield>
    <subfield code="d">2025-11-10</subfield>
    <subfield code="l">0</subfield>
    <subfield code="o">ANO PZ7 398.2</subfield>
    <subfield code="p">FISBK03860</subfield>
    <subfield code="r">2025-11-10 15:30:17</subfield>
    <subfield code="t">4</subfield>
    <subfield code="w">2025-11-10</subfield>
    <subfield code="y">KHB</subfield>
  </datafield>
  <datafield tag="952" ind1=" " ind2=" ">
    <subfield code="0">0</subfield>
    <subfield code="1">0</subfield>
    <subfield code="2">ddc</subfield>
    <subfield code="4">0</subfield>
    <subfield code="7">0</subfield>
    <subfield code="8">Khmer-English Bilingual </subfield>
    <subfield code="a">002</subfield>
    <subfield code="b">002</subfield>
    <subfield code="c">TTP Khmer</subfield>
    <subfield code="d">2025-11-10</subfield>
    <subfield code="l">1</subfield>
    <subfield code="o">ANO PZ7 398.2</subfield>
    <subfield code="p">FISBK03773</subfield>
    <subfield code="r">2026-04-30 10:11:20</subfield>
    <subfield code="s">2026-04-01</subfield>
    <subfield code="t">5</subfield>
    <subfield code="w">2025-11-10</subfield>
    <subfield code="y">KHB</subfield>
  </datafield>
  <datafield tag="952" ind1=" " ind2=" ">
    <subfield code="0">0</subfield>
    <subfield code="1">0</subfield>
    <subfield code="2">ddc</subfield>
    <subfield code="4">0</subfield>
    <subfield code="7">0</subfield>
    <subfield code="8">Khmer-English Bilingual </subfield>
    <subfield code="a">002</subfield>
    <subfield code="b">002</subfield>
    <subfield code="c">TTP Khmer</subfield>
    <subfield code="d">2025-11-10</subfield>
    <subfield code="l">0</subfield>
    <subfield code="o">ANO PZ7 398.2</subfield>
    <subfield code="p">FIS05011</subfield>
    <subfield code="r">2025-11-10 15:30:52</subfield>
    <subfield code="t">6</subfield>
    <subfield code="w">2025-11-10</subfield>
    <subfield code="y">KHB</subfield>
  </datafield>
</record>
